000 00478nam a22001697a 4500
003 OSt
005 20221026205722.0
008 221021b |||||||| |||| 00| 0 eng d
020 _a99924-841-4-4
040 _cBiblioteca LadoV
082 _a700.74
_bF981b
110 _9176
_aFundación Ortiz-Gurdian
245 _aIV Bienal de artes Visuales Nicaragua/
260 _aNicaragua
_bInpasa
300 _a146p.
_c24x21cm
942 _2ddc
_c1
_h700.74
_iF981b
_n0
999 _c2362
_d2362